zpět

Detail výsledku týmu

Klub Tyjátr, Svitavy

Datum a čas kvízu

39 Celkem bodů Celkový počet nahraných bodů na tomto kvízu bez doplňovacích otázek.
1. Pořadí na kvízu Konečné umístění týmu na tomto kvízu.

Zaznamenané odpovědi

# Otázka Odpověď Body Výsledky
1. V úterý jsme si připomněli Den... Ve Staré Boleslavi. 1
2. Francouzský prezident Emmanuel... Vodní skútr. 0
3. V úterý měl v Londýně světovou... Není čas zemřít (No Time to Die) 1
4. Brno opět překvapilo zbytek re... Stojí pod mostem. 1
5. Jak se nazývá fotbalový tým, k... Sheriff Tiraspol 1
6. Pojďme se podívat na leváky, k... B 1
7. V roce 1956 se v Praze narodil... Yonex 0
8. Obyvatelé arktických oblastí U... Inuité 1
9. Leváka Boba, který se snaží op... Jaromír Meduna 1
10. Levákem byl i slavný vojevůdce... Na Korsice. 1